<?xml version="1.0" encoding="UTF-8"?>
<collection xmlns="http://www.loc.gov/MARC21/slim">
 <record>
  <leader>01690na  a2200385   4500</leader>
  <controlfield tag="001">000031276</controlfield>
  <controlfield tag="003">5915</controlfield>
  <controlfield tag="005">20230413141757.0</controlfield>
  <controlfield tag="008">151001s2013                  000   vie</controlfield>
  <datafield tag="040" ind1=" " ind2=" ">
   <subfield code="a">LNN</subfield>
  </datafield>
  <datafield tag="041" ind1=" " ind2=" ">
   <subfield code="a">vie</subfield>
  </datafield>
  <datafield tag="082" ind1=" " ind2=" ">
   <subfield code="a">959.730348</subfield>
   <subfield code="b">VU-T</subfield>
  </datafield>
  <datafield tag="100" ind1=" " ind2=" ">
   <subfield code="a">Vũ Ngọc Trâm</subfield>
  </datafield>
  <datafield tag="245" ind1=" " ind2="0">
   <subfield code="a">Quan hệ VN-Hoa Kỳ trên lĩnh vực an ninh -đối ngoại giai đoạn 1995-2012 /</subfield>
   <subfield code="c">Vũ Ngọc Trâm.</subfield>
  </datafield>
  <datafield tag="246" ind1=" " ind2=" ">
   <subfield code="a">Luan văn tot nghiep</subfield>
  </datafield>
  <datafield tag="260" ind1=" " ind2=" ">
   <subfield code="b">ĐHĐN-Trương ĐH ngoai ngữ,</subfield>
   <subfield code="c">2013.</subfield>
  </datafield>
  <datafield tag="300" ind1=" " ind2=" ">
   <subfield code="a">30cm. :</subfield>
   <subfield code="b">63 tr;.</subfield>
  </datafield>
  <datafield tag="500" ind1=" " ind2=" ">
   <subfield code="a">Luan văn tot nghiep</subfield>
  </datafield>
  <datafield tag="502" ind1=" " ind2=" ">
   <subfield code="a">Khoa Quoc Te Hoc</subfield>
  </datafield>
  <datafield tag="520" ind1=" " ind2=" ">
   <subfield code="a">Tong quan ve quan he Viet nam-Hoa Ky trong lich su.Thuc tien quan he Viet nam-Hoa Ky tren linh vuc an ninh -doi ngoai giai doan 1995-2012.Trien vong quan he Viet nam-Hoa Ky tren linh vuc an ninh doi ngoai trong tuong tuong lai.</subfield>
  </datafield>
  <datafield tag="650" ind1=" " ind2=" ">
   <subfield code="a">Quan hệ VN-Hoa Kỳ .</subfield>
   <subfield code="b">VN-Hoa Kỳ trên lĩnh vực an ninh -đối ngoại giai đoạn 1995-2012</subfield>
  </datafield>
  <datafield tag="653" ind1=" " ind2=" ">
   <subfield code="a">Vu Ngoc Tram,2013,Quan hệ VN-Hoa Kỳ trên lĩnh vực an ninh -đối ngoại giai đoạn 1995-2012 /</subfield>
  </datafield>
  <datafield tag="852" ind1=" " ind2=" ">
   <subfield code="c">Luận văn sinh vien QTH</subfield>
  </datafield>
  <datafield tag="OWN" ind1=" " ind2=" ">
   <subfield code="a">LNN</subfield>
  </datafield>
  <datafield tag="AVA" ind1=" " ind2=" ">
   <subfield code="a">UDN50</subfield>
   <subfield code="b">LNN</subfield>
   <subfield code="d">959.730348 VU-T</subfield>
   <subfield code="e">available</subfield>
   <subfield code="t">Error 5001 Not defined in file expand_doc_bib_avail.</subfield>
   <subfield code="f">3</subfield>
   <subfield code="g">0</subfield>
   <subfield code="h">N</subfield>
   <subfield code="i">0</subfield>
  </datafield>
  <datafield tag="999" ind1=" " ind2=" ">
   <subfield code="a">From the UDN01</subfield>
  </datafield>
  <datafield tag="AVA" ind1=" " ind2=" ">
   <subfield code="a">UDN50</subfield>
   <subfield code="b">LNN</subfield>
   <subfield code="d">959.730348 VU-T</subfield>
   <subfield code="e">available</subfield>
   <subfield code="t">Error 5001 Not defined in file expand_doc_bib_avail.</subfield>
   <subfield code="f">3</subfield>
   <subfield code="g">0</subfield>
   <subfield code="h">N</subfield>
   <subfield code="i">0</subfield>
  </datafield>
  <datafield tag="TYP" ind1=" " ind2=" ">
   <subfield code="a">Dissertation</subfield>
  </datafield>
  <datafield tag="TYP" ind1=" " ind2=" ">
   <subfield code="a">Printed language</subfield>
  </datafield>
  <datafield tag="980" ind1=" " ind2=" ">
   <subfield code="a">Mạng thư viện Đại học Đà Nẵng</subfield>
  </datafield>
 </record>
</collection>
